00555cam a22001577a 4500008004000000082001300040100001700053245010300070260007400173300001000247650004300257650002800300650002100328700002400349700002400373180718b1997 xxu||||| |||| 00| 0 eng d aO91 K131 aKundu, Nitai aManaging wetlands: a policy perspectivecby Nitai Kundu, Mohit Bhattacharya and Ambarish Mukherjee aCalcuttabInstitute of Wetland Management and Ecological Designc1997 a192p. aWetlands - Law and legislation - India aWetland ecology - India aWetlands - India aMukherjee, Ambarish aBhattacharya, Mohit